[Event "FRA-ch U16"]
[Site "Nimes"]
[Date "2012.04.20"]
[Round "8"]
[White "Malka, Samuel"]
[Black "Dupouy, Francois"]
[Result "1-0"]
[WhiteElo "2125"]
[BlackElo "1904"]
[PlyCount "59"]
[EventDate "2012.04.14"]
[EventType "swiss"]
[EventRounds "9"]
[EventCountry "FRA"]
[SourceTitle "CBM 148 Extra"]
[Source "ChessBase"]
[SourceDate "2012.06.22"]
[SourceVersion "1"]
[SourceVersionDate "2012.06.22"]
[SourceQuality "1"]

1. d4 Nf6 2. Nf3 g6 3. c4 Bg7 4. Nc3 0-0 5. e4 d6 6. Be2 Nbd7 7. 0-0 e5 8. Be3 Re8 9. Qc2 exd4 10. Nxd4 Nc5 11. f3 a5 12. Rad1 Nfd7 13. Bf2 c6 14. f4 Qe7 15. Bf3 Nf6 16. h3 Nfxe4 17. Nxe4 Bxd4 18. Rxd4 Bf5 19. Re1 Ne6 20. Rdd1 Nxf4 21. Qd2 d5 22. Qxf4 dxe4 23. Bg4 Bxg4 24. hxg4 Qe6 25. Bd4 f5 26. gxf5 gxf5 27. Re3 Rad8 28. Rg3+ Kf8 29. Rg5 Qxc4 30. Qxf5+ 1-0

[Event "Saint Affrique op 19th"]
[Site "Saint Affrique"]
[Date "2011.07.25"]
[Round "3"]
[White "Dupouy, Francois"]
[Black "Mania, Clement"]
[Result "1-0"]
[WhiteElo "1834"]
[BlackElo "2130"]
[PlyCount "47"]
[EventDate "2011.07.23"]
[EventType "swiss"]
[EventRounds "9"]
[EventCountry "FRA"]
[SourceTitle "CBM 143 Extra"]
[Source "ChessBase"]
[SourceDate "2011.08.29"]
[SourceVersion "1"]
[SourceVersionDate "2011.08.29"]
[SourceQuality "1"]

1. e4 c5 2. Nf3 Nc6 3. d4 cxd4 4. Nxd4 Nf6 5. Nc3 e5 6. Ndb5 d6 7. Bg5 a6 8. Na3 b5 9. Bxf6 gxf6 10. Nd5 f5 11. c3 Bg7 12. Nxb5 axb5 13. Bxb5 Bd7 14. exf5 0-0 15. Qf3 e4 16. Qg3 Kh8 17. Qxd6 Be5 18. Qc5 Rc8 19. Nb6 Rc7 20. Nxd7 Rxd7 21. Bxc6 Re7 22. Rd1 Qc7 23. Rd7 Bxc3+ 24. Qxc3+ 1-0

[Event "Condom op 10th"]
[Site "Condom"]
[Date "2010.07.18"]
[Round "9"]
[White "Dupouy, Francois"]
[Black "Le Gallen, Luc"]
[Result "1-0"]
[WhiteElo "1822"]
[BlackElo "2012"]
[PlyCount "41"]
[EventDate "2010.07.??"]
[EventType "swiss"]
[EventRounds "9"]
[EventCountry "FRA"]
[SourceTitle "EXT 2011"]
[Source "ChessBase"]
[SourceDate "2010.11.26"]
[SourceVersion "1"]
[SourceVersionDate "2010.11.26"]
[SourceQuality "1"]

1. e4 e6 2. d4 d5 3. e5 c5 4. c3 Nc6 5. Nf3 Bd7 6. a3 f6 7. Bd3 Qc7 8. Bf4 f5 9. b4 c4 10. Bc2 Nge7 11. 0-0 h6 12. h4 0-0-0 13. a4 Be8 14. Na3 Kb8 15. Nb5 Qd7 16. Nd6 g6 17. a5 Nc8 18. b5 N6e7 19. a6 Nxd6 20. exd6 Nc8 21. Ne5 1-0

[Event "FRA-ch U14"]
[Site "Troyes"]
[Date "2010.04.13"]
[Round "4"]
[White "Dupouy, Francois"]
[Black "Giroyan, Gary"]
[Result "0-1"]
[WhiteElo "1813"]
[BlackElo "2181"]
[PlyCount "79"]
[EventDate "2010.04.11"]
[EventType "swiss"]
[EventRounds "9"]
[EventCountry "FRA"]
[SourceTitle "EXT 2012"]
[Source "ChessBase"]
[SourceDate "2011.11.24"]
[SourceVersion "1"]
[SourceVersionDate "2011.11.24"]
[SourceQuality "1"]

1. e4 c5 2. Nf3 d6 3. d4 cxd4 4. Nxd4 Nf6 5. Nc3 a6 6. Be2 e6 7. Be3 Nbd7 8. f4 b5 9. Bf3 Bb7 10. e5 Bxf3 11. Qxf3 dxe5 12. Nc6 Qc7 13. fxe5 Rc8 14. exf6 Qxc6 15. Qxc6 Rxc6 16. fxg7 Bxg7 17. 0-0-0 Nb6 18. Bd4 Bxd4 19. Rxd4 Ke7 20. Rf1 Rc4 21. Rff4 Rg8 22. g3 Rgc8 23. Rxc4 Rxc4 24. Rxc4 Nxc4 25. b4 f5 26. Kd1 Kd6 27. Ke2 Nb2 28. Ke3 Ke5 29. Ne2 Nc4+ 30. Kd3 Nb2+ 31. Ke3 Nd1+ 32. Kf3 Kf6 33. Nf4 Nc3 34. a3 Nb1 35. a4 bxa4 36. c4 a3 37. c5 a2 38. b5 axb5 39. Ne2 Ke5 40. Nf4 0-1

[Event "FRA-ch U14"]
[Site "Troyes"]
[Date "2010.04.12"]
[Round "3"]
[White "Malka, Samuel"]
[Black "Dupouy, Francois"]
[Result "0-1"]
[WhiteElo "1919"]
[BlackElo "1813"]
[PlyCount "86"]
[EventDate "2010.04.11"]
[EventType "swiss"]
[EventRounds "9"]
[EventCountry "FRA"]
[SourceTitle "EXT 2012"]
[Source "ChessBase"]
[SourceDate "2011.11.24"]
[SourceVersion "1"]
[SourceVersionDate "2011.11.24"]
[SourceQuality "1"]

1. d4 Nf6 2. c4 c5 3. d5 b5 4. cxb5 a6 5. b6 e6 6. Nc3 Bb7 7. e4 exd5 8. exd5 d6 9. a4 a5 10. Bb5+ Nbd7 11. Nf3 Be7 12. 0-0 0-0 13. Bc6 Qxb6 14. Bxb7 Qxb7 15. Qd3 Nb6 16. Rd1 Ne8 17. Ng5 g6 18. Nge4 Nc7 19. Bh6 Rfe8 20. Nxc5 dxc5 21. d6 Rad8 22. Qg3 Bxd6 23. Rxd6 Nc4 24. Rxd8 Rxd8 25. b3 Nd6 26. Rd1 Qb6 27. Qe5 Ne6 28. Nd5 Nf5 29. Bg5 Nxg5 30. h4 Rxd5 31. Rxd5 Ne6 32. Qf6 Qxb3 33. Rd7 Nh6 34. Qa1 c4 35. Ra7 c3 36. Rxa5 c2 37. Ra8+ Nf8 38. Qf1 Qc3 39. Qc1 Nf5 40. Rd8 Qb3 41. Rd2 Nd4 42. Kh2 Qb1 43. Rxc2 Qxc2 0-1

[Event "Condom op-A"]
[Site "Condom"]
[Date "2009.07.13"]
[Round "4"]
[White "Dupouy, Francois"]
[Black "Salcedo, Marc"]
[Result "1-0"]
[WhiteElo "1759"]
[BlackElo "1967"]
[PlyCount "35"]
[EventDate "2009.07.11"]
[EventType "swiss"]
[EventRounds "9"]
[EventCountry "FRA"]
[SourceTitle "CBM 131 Extra"]
[Source "ChessBase"]
[SourceDate "2009.09.03"]
[SourceVersion "2"]
[SourceVersionDate "2009.09.16"]
[SourceQuality "1"]

1. e4 d5 2. exd5 Nf6 3. d4 Bg4 4. Nf3 Qxd5 5. Be2 Nc6 6. h3 Qh5 7. 0-0 0-0-0 8. hxg4 Nxg4 9. Be3 e5 10. Nbd2 exd4 11. Bf4 Bd6 12. Nxd4 Bxf4 13. Bxg4+ f5 14. Bxh5 Rxd4 15. Qf3 Ne5 16. Qh3 Bxd2 17. Qxf5+ Nd7 18. Bg4 1-0

[Event "FRA-ch U12"]
[Site "Aix les Bains"]
[Date "2009.04.25"]
[Round "8"]
[White "Dupouy, Francois"]
[Black "Madeline, Nicolas"]
[Result "1-0"]
[WhiteElo "1820"]
[BlackElo "1645"]
[PlyCount "141"]
[EventDate "2009.04.19"]
[EventType "swiss"]
[EventRounds "9"]
[EventCountry "FRA"]
[SourceTitle "CBM 130 Extra"]
[Source "ChessBase"]
[SourceDate "2009.07.02"]
[SourceVersion "2"]
[SourceVersionDate "2009.07.15"]
[SourceQuality "1"]

1. e4 e5 2. Nf3 Nc6 3. Bb5 a6 4. Ba4 Nf6 5. 0-0 b5 6. Bb3 Bc5 7. c3 0-0 8. d4 Bb6 9. Bg5 Re8 10. Re1 Qe7 11. Nbd2 Qd6 12. d5 Ne7 13. Nf1 Ng6 14. h3 h6 15. Bh4 Bb7 16. Qd2 Rac8 17. Ng3 Nxh4 18. Nxh4 c5 19. Nhf5 Qf8 20. Kh1 c4 21. Bc2 Bc7 22. d6 Bd8 23. f4 g6 24. fxe5 Rxe5 25. Qf4 Re6 26. Nxh6+ Kh7 27. Ng4 Nxg4 28. Qxg4 Rxd6 29. Rad1 Rxd1 30. Rxd1 Bc6 31. Ne2 Bf6 32. Nd4 Bxd4 33. cxd4 Re8 34. d5 Ba8 35. Qxd7 Rd8 36. Qa7 Rd6 37. Qc5 Rd8 38. Qxf8 Rxf8 39. Kg1 Re8 40. Kf2 Kg7 41. Kf3 Kf6 42. Kf4 g5+ 43. Kg4 Rh8 44. Rf1+ Ke7 45. Kf5 f6 46. Rd1 Rd8 47. g3 Rh8 48. Kg4 Kd6 49. h4 gxh4 50. gxh4 Ke5 51. Rf1 Rg8+ 52. Kh3 Bb7 53. Rf5+ Kd4 54. Rxf6 Bc8+ 55. Kh2 Rg4 56. Rh6 Ke3 57. e5 Kf2 58. Rf6+ Ke3 59. e6 Rxh4+ 60. Kg3 Re4 61. e7 Rg4+ 62. Kh2 Rh4+ 63. Kg2 Rg4+ 64. Kf1 Rg8 65. Bf5 Bxf5 66. Rxf5 Re8 67. d6 c3 68. bxc3 b4 69. Rf8 bxc3 70. Rxe8 c2 71. Rc8 1-0

[Event "Cap d'Agde Avenir op"]
[Site "Cap d'Agde"]
[Date "2008.10.30"]
[Round "7"]
[White "Dupouy, Francois"]
[Black "Goldsztejn, Gerard"]
[Result "1-0"]
[WhiteElo "1660"]
[BlackElo "1590"]
[PlyCount "67"]
[EventDate "2008.10.25"]
[EventType "swiss"]
[EventRounds "9"]
[EventCountry "FRA"]
[SourceTitle "EXT 2010"]
[Source "ChessBase"]
[SourceDate "2010.11.25"]
[SourceVersion "1"]
[SourceVersionDate "2010.11.25"]
[SourceQuality "1"]

1. e4 e5 2. Nf3 Nc6 3. Bb5 d6 4. d4 exd4 5. Nxd4 Bd7 6. Bxc6 bxc6 7. Nc3 Nf6 8. Bg5 h6 9. Bh4 Be7 10. Qd2 0-0 11. Bg3 Re8 12. Nb3 d5 13. e5 Nh5 14. 0-0-0 f6 15. exf6 Bxf6 16. f4 g5 17. Kb1 Ng7 18. Rde1 Qc8 19. Rhf1 Bf5 20. Bf2 Ne6 21. fxg5 Bxg5 22. Be3 Bxe3 23. Rxe3 Rf8 24. Rg3+ Kh7 25. Rgf3 Ng5 26. Rf4 Qd7 27. h4 Ne4 28. Nxe4 Rae8 29. Nbc5 Qe7 30. Rxf5 dxe4 31. Rxf8 Rxf8 32. Rxf8 e3 33. Qd7 Qxd7 34. Nxd7 1-0

[Event "Cap d'Agde Avenir op"]
[Site "Cap d'Agde"]
[Date "2008.10.29"]
[Round "6"]
[White "Tauzin, Frederic"]
[Black "Dupouy, Francois"]
[Result "0-1"]
[WhiteElo "1600"]
[BlackElo "1660"]
[PlyCount "50"]
[EventDate "2008.10.25"]
[EventType "swiss"]
[EventRounds "9"]
[EventCountry "FRA"]
[SourceTitle "EXT 2010"]
[Source "ChessBase"]
[SourceDate "2010.11.25"]
[SourceVersion "1"]
[SourceVersionDate "2010.11.25"]
[SourceQuality "1"]

1. d4 Nf6 2. c4 c5 3. d5 b5 4. b3 d6 5. Nf3 g6 6. Bb2 Bg7 7. Nbd2 0-0 8. e3 Bb7 9. Bd3 b4 10. Qc2 Nbd7 11. h4 a5 12. h5 Qe8 13. h6 Bh8 14. Ne4 Nxe4 15. Bxh8 Nxf2 16. Kxf2 Kxh8 17. Ng5 Ne5 18. Qb2 f6 19. Bc2 fxg5+ 20. Ke2 Rf6 21. Raf1 Ba6 22. Rxf6 exf6 23. Bd3 Ra7 24. Rh3 Re7 25. g4 Nxg4 0-1